Civil society and income inequality in post-communist Eurasia (Record no. 114470)

000 -LEADER
fixed length control field 00447pab a2200169 454500
008 - FIXED-LENGTH DATA ELEMENTS--GENERAL INFORMATION
fixed length control field 180718b2017 xxu||||| |||| 00| 0 eng d
100 ## - MAIN ENTRY--PERSONAL NAME
Personal name Bernhard, Michael
245 ## - TITLE STATEMENT
Title Civil society and income inequality in post-communist Eurasia
260 ## - PUBLICATION, DISTRIBUTION, ETC.
Date of publication, distribution, etc. 2017
300 ## - PHYSICAL DESCRIPTION
Extent p.373-390.
362 ## - DATES OF PUBLICATION AND/OR SEQUENTIAL DESIGNATION
Dates of publication and/or sequential designation Apr
650 ## - SUBJECT ADDED ENTRY--TOPICAL TERM
Topical term or geographic name entry element Income distribution
650 ## - SUBJECT ADDED ENTRY--TOPICAL TERM
Topical term or geographic name entry element Civil society
700 ## - ADDED ENTRY--PERSONAL NAME
Personal name Jung, Dong-Joon
773 ## - HOST ITEM ENTRY
Main entry heading Comparative Politics
909 ## -
-- 114476
Holdings
Withdrawn status Lost status Damaged status Not for loan Permanent Location Current Location Date acquired Serial Enumeration / chronology Barcode Date last seen Price effective from Koha item type
        Indian Institute of Public Administration Indian Institute of Public Administration 2018-07-19 Volume no: 49, Issue no: 3 AR114936 2018-07-19 2018-07-19 Articles

Powered by Koha